01089nam a22002897a 45000050016000000080041000160100014000570200023000710200026000940350013001200370015001330400018001480820018001661000023001842450090002072600042002972700044003393000027003835000050004106500028004606500042004886500021005306500048005519420032005999990017006319520151006482009062707387.0090627t xxu||||| |||| 00| 0 eng d aENG-94251 a8183242731c495.00 a9788183242738c495.00 aEN-77784 bDBAD / PUB adplbEnglish  a352.007220954 aDutta, Subhabrata  aDemocratic decentralization and grassroot leadership in India /cby Subhabrata Dutta  aNew Delhi bMittal Publicationsc2009 a4594/9, Daryaganj, bNew Delhi e110002 axiv, 186p. c23cm(Hb)  aIncludes bibliographical references and index aLocal governmentzIndia aDecentralization in governmentzIndia aPanchayatzIndia aRural developmentxGovernment policyzIndia 2ddccENmDUTh352.007220954 c27941d27941 00102ddc40718NFICaDBADbDBADd2009-06-27eDBAD / PUBg495.00l0o352.007220954 DUTpEN-77784r2009-06-27 00:00:00t1v495.00w2009-06-27yEN